| 000 | 00550nam a2200145Ia 4500 | ||
|---|---|---|---|
| 008 | 250506s9999 xx 000 0 und d | ||
| 024 | _a05B-33-BS, 05B-40-BS & 05B-22-BS | ||
| 082 | _a005.072 HAS | ||
| 100 | _aHassan Tahir, Waqar Ali Abban & Muhammad Shiraz Shamsi | ||
| 245 | 0 | _aWeb Based Retail Management System | |
| 260 |
_aKarachi: _bUIT, _c2005 |
||
| 600 | _aComputer Science | ||
| 650 | _aBachelor of Computer Science (BS) | ||
| 856 |
_uhttps://drive.google.com/file/d/1_QUG2lcXneGqmTfrQr1SRnrAH6nBt0Z7/view?usp=sharing _yClick here for PDF |
||
| 999 |
_c27490 _d27490 |
||